Informácie o kreditovom štúdiu ECTS

Bibliographic Details
Corporate Author: Univerzita Mateja Bela v Banskej Bystrici. Fakulta humanitných vied (Author)
Other Authors: Štulrajterová, Milena, 1952- (Compiler)
Format: Serial
Language:Slovak
PhysicalDescription:[3 zv.] 21 cm
Published: Banská Bystrica Univerzita Mateja Bela, Fakulta humanitných vied [2001-2003]
ISBN:8080555095 (brož. : 2001)
Subjects:

MARC

LEADER 00000cas a2200000 a 4500
001 vtls001427135
003 SK-MaSNL
005 20260228160648.0
008 160415d20012003xo ar ry 0 0 0slo
015 |a SNBE2002/04-01828 (r. 2001) 
020 |a 8080555095 (brož. : 2001) 
035 |a SNK000382096 
040 |a SNK  |b slo  |c SNK  |e AACR2 
041 0 |a slo 
043 |a e-xo--- 
044 |a xo  |c SK 
072 7 |a 371  |x Školstvo (organizácia)  |2 konspekt 
072 7 |a 378  |x Vysoké školy  |2 konspekt 
080 |a 37.091.3  |2 2011 
080 |a 378.4  |2 2011 
080 |a (437.642)  |2 2011 
080 |a 050  |2 2011 
080 |a (036)  |2 2011 
080 |a (058)  |2 2011 
110 2 |a Univerzita Mateja Bela v Banskej Bystrici.  |b Fakulta humanitných vied  |4 aut 
245 1 0 |a Informácie o kreditovom štúdiu ECTS  |c [zostavovateľ: Milena Štulrajterová] 
260 |a Banská Bystrica  |b Univerzita Mateja Bela, Fakulta humanitných vied  |c [2001-2003] 
300 |a [3 zv.]  |c 21 cm 
310 |a 1x ročne 
362 0 |a [2001-2003] 
500 |a Údaj o zost. prevzatý z tiráže 
610 2 7 |a Univerzita Mateja Bela v Banskej Bystrici.  |b Fakulta humanitných vied  |2 SNKKA 
650 0 7 |a štúdium a výučba  |2 SNKPH  |9 3982 
650 0 7 |a univerzity  |2 SNKPH  |9 22152 
651 7 |a Banská Bystrica (Slovensko)  |2 SNKPHgeo  |9 22015 
655 7 |a informačné publikácie  |2 SNKPH  |9 70181 
655 7 |a ročenky  |2 SNKPH  |9 57146 
700 1 |a Štulrajterová, Milena,  |d 1952-  |4 com  |9 252453 
910 |a snk 
919 |a 80-8055-509-5 
958 |a TL 
999 |c 3247  |d 5177 
952 |0 0  |1 0  |4 0  |7 0  |a SNK  |b SNK  |d 2002-08-20  |i snkKSP 10180/2002  |l 0  |o snkČSD 2254/2001  |p 17A0353783  |r 2005-01-02 00:00:00  |w 2026-02-21  |y PREZ 
952 |0 0  |1 0  |4 0  |7 0  |a SNK  |b SNK  |d 2002-08-20  |i snkKSP 10181/2002  |l 0  |o snkČSD 2254/2001 D1  |p 17A0353784  |r 2005-01-02 00:00:00  |w 2026-02-21  |y PREZ